000 00330nam a2200145Ia 4500
003 OSt
005 20240213111716.0
008 170524s9999 xx 000 0 und d
020 _a9383182059
040 _cIIMT
100 _aSHARMA- A
245 0 _aAUTOMOBILE ENGINEERING
260 _bNEW DELHI: VAYU EDUCATION
942 _2ddc
_c02
999 _c7579
_d7579